Helah Si Bangau tua

Bibliographic Details
Main Author: Khadijah Hashim
Format: Book
Published: Selangor : 'K' Publishing , 2006
Series:Siri teladan dari rimba
Subjects:

MARC

LEADER 00000cam a2200000 7i4500
001 0000004651
005 20220105104004.0
008 070730
020 |a 9838524506 
090 0 0 |a JP   |b ANM MAL (3970) 
100 0 |a Khadijah Hashim 
245 1 0 |a Helah Si Bangau tua   |c Khadijah Hashim 
260 |a Selangor :   |b 'K' Publishing ,   |c 2006 
440 |a Siri teladan dari rimba 
500 |a Children age 4-6 years old (yellow) 
650 0 |a Animal   |x Fiction 
650 0 |a Children's stories 
999 |a 0000976622   |b Book   |c Children Collection   |e Perbadanan Perpustakaan Awam Johor 
999 |a 0000976623   |b Book   |c Children Collection   |e Cawangan Bandar Tenggara 
999 |a 0000976624   |b Book   |c Children Collection   |e Cawangan Batu Pahat 
999 |a 0000976625   |b Book   |c Children Collection   |e Cawangan Sri Merlong 
999 |a 0000976626   |b Book   |c Children Collection   |e Perbadanan Perpustakaan Awam Johor 
999 |a 0000980681   |b Book   |c Children Collection   |e Cawangan Taman Universiti 
999 |a 0000980683   |b Book   |c Children Collection   |e Cawangan Pontian 
999 |a 000980681   |b Book   |c Children Collection   |e Cawangan Taman Universiti